コンテンツを見る
Inicio
Centros participantes
Catálogo
Servicios
Contacto
ログイン
English
Deutsch
Español
Français
Italiano
日本語
Nederlands
Português
Português (Brasil)
中文(简体)
中文(繁體)
Türkçe
עברית
Gaeilge
Cymraeg
Ελληνικά
Català
Euskara
Русский
Čeština
Suomi
Svenska
polski
Dansk
slovenščina
اللغة العربية
বাংলা
Galego
Tiếng Việt
Hrvatski
हिंदी
Հայերէն
Українська
Sámegiella
言語
全フィールド
タイトル
著者
主題
請求記号
ISBN/ISSN
タグ
検索
詳細検索
Informe del SININA
この資料を引用
この資料をメール
印刷
エクスポート
エクスポート先: RefWorks
エクスポート先: EndNoteWeb
エクスポート先: EndNote
お気に入りに追加
パーマネントリンク
エクスポート完了 —
最初の評価を行う
Informe del SININA
保存先:
書誌詳細
団体著者:
Sindicato de la Industria Nacional del Azúcar (El Salvador)
フォーマット:
テキスト
出版事項:
San José:
CEDAL
タグ:
タグ追加
タグなし, このレコードへの初めてのタグを付けませんか!
所蔵
その他の書誌記述
コメント
類似資料
MARC表示
MARC
LEADER
00000 a a2200000 04500
001
18706
003
040
090
|a
010300
110
|a
Sindicato de la Industria Nacional del Azúcar (El Salvador)
245
|a
Informe del SININA
260
|a
San José:
|b
CEDAL
300
|a
3 p.
999
|c
15157
|d
15157
類似資料
Informe de la Confederación El Triunfo Campesino de Chile
Clases dominantes y modernización agrícola /
著者:: Buarque de Hollanda, Teodoro
Plan Nacional de Desarrollo 1978-1982. Sector industrial (documento para discusión)
Informe del Comité
Informe del MCI